000 00492nam a2200193 a 4500
001 1777026775730
003 YourLibrary
005 20260424160639.0
008 260424s1996##################000#0#eng##
020 _a9781855214859
082 0 4 _a345.02532
_bPAD
100 1 _aBurgess-Jackson, Keith,
_eauthor.
245 1 0 _aRape :
260 _bDartmouth Publishing Company,
_c1996.
300 _a264 pages
650 0 _aLaw.
942 _cENGLISH
040 _aYourLibrary
_beng
_cYourLibrary
999 _c619803
_d619803